000 01836nam a2200229Ia 4500
003 Ost
005 20260507074940.0
008 260507s9999||||xx |||||||||||||| ||und||
020 _a9789957064211
040 _cfsecg
041 _aara
082 _a362.11
100 _aنصيرات، فريد توفيق
_eمؤلف
245 0 _aادراة منظمات الرعاية الصحية /
_c فريد توفيق نصيرات
260 _aعمان:
_bدار المسيرة للنشر,
_c2008
300 _a333 صفحة؛
_bإيضاحات ؛
_c24 سم
520 _aيتناول الكتاب الفصول التالية المقدمة-الفصل الأول : الإدارة الصحية , المفهوم والهمية-الفصل الثاني : العملية الإدارية في المنظمة-الفصل الثالث : نظام الرعاية الصحية-الفصل الرابع : تنظيم المستشفى ووظائفه-الفصل الخامس : التخطيط الإستراتيجي في المنظمة الصحية-الفصل السادس : حل المشاكل واتخاذ القرارات في المنظمة الصحية-الفصل السابع : نظريات التنظيم وتصميم الهيكل التنظيمي للمنظمة الصحية-الفصل الثامن: الرقابة في المنظمة الصحية-الفصل التاسع : تحفيز الموارد البشرية في المنظمة الصحية-الفصل العاشر : القيادة في المنظمات الصحية-الفصل الحادي عشر: الإتصال في المنظمات الصحية-الفصل الثاني عشر : التغيير التنظيمي في المنظمات الصحية.
653 _aإدارة -المستشفيات
653 _aادرة منظمات
653 _aرعاية صحية
942 _cكتاب
999 _c41921
_d41921